000 01157nam a22002411a 4500
001 18842
003 OSt
005 20260204212423.0
008 181009s2018||||dr ||||||b||||||||||spa||
090 _aEDU-CS 2018 G65
100 1 _aGonzález Díaz, Dory María
_esustentante
245 1 _aCumplimiento de la legislación escolar en el nivel medio Leyes 66-97 y 136-03, Zambrana/ Dory María González Díaz, Héctor Manuel Belén Díaz y Marleny Sánchez Amparo. ; asesor Prebisterio Lora de la Cruz
260 _aCotuí, República Dominicana :
_bUTECO,
_c2018
300 _a87 hojas :
_bIlustraciones ;
_c28cm.
502 _aTrabajo de grado (Licenciatura en Educación, Mención Sociales)--Universidad Tecnológica del Cibao Oriental, 2018
504 _aIncluye referencia bibliográfica e índice
650 4 _aCumplimiento de la legislación escolar en el nivel medio
700 1 _aBelén Díaz, Héctor Manuel
_esustentante
700 1 _a Sánchez Amparo, Marleny
_esustentante
700 1 _a Lora de la Cruz, Prebisterio
_e asesor
830 _aTesis y disertaciones académicas (Universidad Tecnológica del Cibao Oriental)
942 _2LC
_cTH
999 _c18842
_d18842